Highest Goalscorers in Womens International Football(Soccer) - Statistics

General Stats
  • This quiz has been taken 437 times
    121 since last reset
  • The average score is 6 of 32
Answer Stats
# Goals Caps Years Answer Country % Correct
9 119 204 2002-2024 Marta Brazil
81%
8 123 224 2010-2024 Alex Morgan United States
79%
1 190 331 2000-2023 Christine Sinclair Canada
58%
20 96 120 2013- Vivianne Miedema Netherlands
58%
3 158 275 1987-2004 Mia Hamm United States
42%
31 76 154 2009- Pernille Harder Denmark
42%
2 184 256 2001-2015 Abby Wambach United States
31%
21 93 195 2009- Eugénie Le Sommer France
27%
7 128 214 1994-2011 Birgit Prinz Germany
23%
5 134 316 2005-2021 Carli Lloyd United States
21%
6 130 352 1987-2010 Kristine Lily United States
14%
22 88 185 2004-2017 Lotta Schelin Sweden
11%
25 83 205 1993-2015 Homare Sawa Japan
8%
23 83 135 2011- Tessa Wullaert Belgium
8%
19 97 157 2003- Cristiane Brazil
7%
12 107 155 1985-2000 Michelle Akers United States
6%
27 81 112 1994–2008 Marinette Pichon France
5%
14 106 163 1990-2006 Sun Wen China
5%
15 105 153 1978-1997 Carolina Morace Italy
4%
10 116 121 1996-2011 Julie Fleeting Scotland
4%
11 107 110 1970-1989 Elizabetta Vignotto Italy
3%
17 101 188 2000-2011 Han Duan China
3%
13 107 196 1996-2014 Patrizia Panico Italy
3%
18 100 206 1991-2006 Tiffeny Milbrett United States
3%
26 82 116 1998-2016 Maribel Domínguez Mexico
2%
4 137 133 2005- Maysa Jbarah Jordan
2%
16 101 124 2000-2015 Portia Modise South Africa
2%
24 83 139 1997–2003 Bai Jie China
1%
32 75 158 1996–2004 Cindy Parlow United States
1%
29 80 150 1987–2000 Liu Ailing China
1%
30 79 124 2003-2019 Margrét Lára Viðarsdóttir Iceland
1%
28 80 109 1999-2015 Perpetua Nkwocha Nigeria
1%
No matching quizzes found
Score Distribution
Percent of People with Each Score
Percentile by Number Answered
Your Score History
You have not taken this quiz since the last reset